| 000 | 01137cam a2200217 4500 | ||
|---|---|---|---|
| 001 | ##L134716 | ||
| 008 | 060829n2006 000 0 eng u | ||
| 035 | _a(Sirsi) u134716 | ||
| 041 | 0 | _aeng | |
| 050 | 0 | 4 | _a690.0285 $2 18 |
| 110 | 2 |
_aNetwork for Construction Collaboration Technology Providers _95027 |
|
| 245 | 0 | 0 |
_aProving collaboration pays _bstudy report |
| 260 |
_a[S.l.] _bNCCTP _c2006 |
||
| 520 | _aResearch study looking at the use of online construction collaboration systems or project extranets. The study, which surveyed 195 companies, reveals that 74% of clients favour contractors with experience of using web-based collaboration systems to deliver construction projects. Key benefits include: better communications, faster drawing approvals; improved accountability; better project management; improved document control; and competitive differentiation. | ||
| 590 | _aIKA050906 | ||
| 651 | 4 |
_aUnited Kingdom _y |
|
| 690 |
_aProject management _96261 |
||
| 710 | 2 |
_aBenchmark Research _95028 |
|
| 856 | 4 | 0 |
_uhttps://www.ncctp.net/marketresearch.htm _zView the report free of charge at www.ncctp.net... |
| 942 | _n0 | ||
| 999 |
_c105787 _d105787 |
||